| 000 | 00515nam a22001937a 4500 | ||
|---|---|---|---|
| 003 | CEME | ||
| 005 | 20210628205616.0 | ||
| 008 | 210308b xxu||||| |||| 00| 0 eng d | ||
| 020 | _a0-240-80258-6 | ||
| 040 | _c. | ||
| 082 | _a621.382 MIR'N | ||
| 100 |
_aMirabito, Michael M. A _976246 |
||
| 245 | _aThe new communications technologies | ||
| 250 | _a3RD | ||
| 260 |
_aBOSTON _bFOCAL PRESS _c1997 |
||
| 300 | _a256P | ||
| 650 |
_aTELECOMMUNICATION SYSTEMS -TECHNOLOGICAL INNOVATIONS _976247 |
||
| 942 |
_cBK _2ddc |
||
| 999 |
_c581645 _d581645 |
||